Dig dig digging / (Record no. 2059)

MARC details
000 -LEADER
fixed length control field 01102cam a22003134a 4500
005 - DATE AND TIME OF LATEST TRANSACTION
control field 20250429083022.0
020 ## - INTERNATIONAL STANDARD BOOK NUMBER
International Standard Book Number 9780439927840
020 ## - INTERNATIONAL STANDARD BOOK NUMBER
International Standard Book Number 9780439927840
040 ## - CATALOGING SOURCE
Original cataloging agency DLC
Transcribing agency DLC
Modifying agency DLC
Language of cataloging eng
050 00 - LIBRARY OF CONGRESS CALL NUMBER
Classification number TL147
082 00 - DEWEY DECIMAL CLASSIFICATION NUMBER
Classification number 629.225
100 1# - MAIN ENTRY--PERSONAL NAME
Personal name Mayo, Margaret
245 10 - TITLE STATEMENT
Title Dig dig digging /
Statement of responsibility, etc. written by Margaret Mayo ; illustrated by Alex Ayliffe
250 ## - EDITION STATEMENT
Edition statement First Scholastic printing, November 2006
Remainder of edition statement Originally published in England in 2001 by Orchard books
260 ## - PUBLICATION, DISTRIBUTION, ETC.
Place of publication, distribution, etc. New York :
Name of publisher, distributor, etc. Scholastic,
Date of publication, distribution, etc. 2002
300 ## - PHYSICAL DESCRIPTION
Dimensions 29 cm.
500 ## - GENERAL NOTE
General note "Originally published in England in 2001 by Orchard Books"--T.p. verso
505 ## - FORMATTED CONTENTS NOTE
Formatted contents note K
520 ## - SUMMARY, ETC.
Summary, etc. Simple rhymes introduce various large vehicles, such as dump trucks, fire engines, and tractors, and describe the work that they do.
521 ## - TARGET AUDIENCE NOTE
Target audience note 540<br/>
Source Lexile<br/>
521 ## - TARGET AUDIENCE NOTE
Target audience note K<br/>
Source Raz-Plus<br/>
650 #0 - SUBJECT ADDED ENTRY--TOPICAL TERM
Topical term or geographic name entry element Motor vehicles
Form subdivision Juvenile literature.
650 #1 - SUBJECT ADDED ENTRY--TOPICAL TERM
Topical term or geographic name entry element Motor vehicles.
650 #1 - SUBJECT ADDED ENTRY--TOPICAL TERM
Topical term or geographic name entry element Technology
700 1# - ADDED ENTRY--PERSONAL NAME
Personal name Ayliffe, Alex
Relator term illustrator
906 ## - LOCAL DATA ELEMENT F, LDF (RLIN)
a 7
b cbc
c orignew
d 1
e ecip
f 20
g y-gencatlg
942 ## - ADDED ENTRY ELEMENTS (KOHA)
Source of classification or shelving scheme Dewey Decimal Classification
Koha item type Books
Suppress in OPAC No
999 ## -
-- 2059
-- 2059
Holdings
Withdrawn status Lost status Source of classification or shelving scheme Damaged status Not for loan Collection Home library Current library Shelving location Date acquired Total Checkouts Full call number Barcode Date last seen Date last checked out Copy number Price effective from Koha item type
    Dewey Decimal Classification     Juvenile Fiction Footprints International School Library Network Toul Kork Campus Footprints International School Library Network Toul Kork Campus TK Primary Library Room(4th Floor), Bookcase 3&4, Shelves 17-32, Yellow Books 11/03/2023 2 MAY 629.225 TL147 FISBK05038 06/04/2025 04/02/2025 1 11/03/2023 Books
    Dewey Decimal Classification     Juvenile Fiction Footprints International School Library Network Toul Kork Campus Footprints International School Library Network Toul Kork Campus TK Primary Library Room(4th Floor), Bookcase 3&4, Shelves 17-32, Yellow Books 11/03/2023   MAY 629.225 TL147 FISBK05034 04/29/2025   2 11/03/2023 Books
    Dewey Decimal Classification     Juvenile Fiction Footprints International School Library Network Toul Kork Campus Footprints International School Library Network Toul Kork Campus TK Primary Library Room(4th Floor), Bookcase 3&4, Shelves 17-32, Yellow Books 04/29/2025   MAY 629.225 TL147 FISTK02058 04/29/2025   3 04/29/2025 Books